An enemy we created : (Record no. 478655)

000 -LEADER
fixed length control field 01617cam a22003977a 4500
001 - CONTROL NUMBER
control field 17160836
003 - CONTROL NUMBER IDENTIFIER
control field NUST
005 - DATE AND TIME OF LATEST TRANSACTION
control field 20180627105209.0
008 - FIXED-LENGTH DATA ELEMENTS--GENERAL INFORMATION
fixed length control field 120127s2012 enk b 001 0 eng d
010 ## - LIBRARY OF CONGRESS CONTROL NUMBER
LC control number 2012358386
015 ## - NATIONAL BIBLIOGRAPHY NUMBER
National bibliography number GBB165752
Source bnb
016 7# - NATIONAL BIBLIOGRAPHIC AGENCY CONTROL NUMBER
Record control number 015817429
Source Uk
020 ## - INTERNATIONAL STANDARD BOOK NUMBER
International Standard Book Number 9781849041546 (hbk.)
020 ## - INTERNATIONAL STANDARD BOOK NUMBER
International Standard Book Number 1849041547 (hbk.)
035 ## - SYSTEM CONTROL NUMBER
System control number (OCoLC)ocn751807166
038 ## - RECORD CONTENT LICENSOR
Staff Name Arshad
040 ## - CATALOGING SOURCE
Original cataloging agency UKMGB
Language of cataloging eng
Transcribing agency UKMGB
Modifying agency YDXCP
-- CDX
-- BWK
-- NBU
-- DLC
042 ## - AUTHENTICATION CODE
Authentication code lccopycat
050 00 - LIBRARY OF CONGRESS CALL NUMBER
Classification number DS371.3
Item number .S758 2012b
082 04 - DEWEY DECIMAL CLASSIFICATION NUMBER
Classification number 958.1046
Author Mark LIN
100 1# - MAIN ENTRY--PERSONAL NAME
Personal name Strick van Linschoten, Alex.
9 (RLIN) 11299
245 13 - TITLE STATEMENT
Title An enemy we created :
Remainder of title the myth of the Taliban-Al-Qaeda merger in Afghanistan, 1970-2010 /
Statement of responsibility, etc. Alex Strick van Linschoten and Felix Kuehn.
246 30 - VARYING FORM OF TITLE
Title proper/short title Myth of the Taliban-Al-Qaeda merger in Afghanistan, 1970-2010
260 ## - PUBLICATION, DISTRIBUTION, ETC.
Place of publication, distribution, etc. London :
Name of publisher, distributor, etc. Hurst & Company,
Date of publication, distribution, etc. 2012.
300 ## - PHYSICAL DESCRIPTION
Extent ix, 538 p. ;
Dimensions 22 cm.
504 ## - BIBLIOGRAPHY, ETC. NOTE
Bibliography, etc. note Includes bibliographical references (p. 495-523) and index.
505 0# - FORMATTED CONTENTS NOTE
Formatted contents note Introducing TalQaeda -- Forebears (1970-1979) -- Jihad (1979-1990) -- Rethink (1990-1994) -- A bone in the throat (1998-2001) -- September 11, 2001 -- Collapse (2001-2003) -- Redux (2003-2009) -- The forge (2010) -- Conclusion.
610 20 - SUBJECT ADDED ENTRY--CORPORATE NAME
Corporate name or jurisdiction name as entry element Taliban.
9 (RLIN) 11300
610 20 - SUBJECT ADDED ENTRY--CORPORATE NAME
Corporate name or jurisdiction name as entry element Qaida (Organization)
9 (RLIN) 11301
651 #0 - SUBJECT ADDED ENTRY--GEOGRAPHIC NAME
Geographic name Afghanistan
General subdivision History
Chronological subdivision 1989-2001.
9 (RLIN) 11302
651 #0 - SUBJECT ADDED ENTRY--GEOGRAPHIC NAME
Geographic name Afghanistan
General subdivision History
Chronological subdivision 2001-
9 (RLIN) 11303
700 1# - ADDED ENTRY--PERSONAL NAME
Personal name Kuehn, Felix,
Dates associated with a name 1979-
9 (RLIN) 11304
906 ## - LOCAL DATA ELEMENT F, LDF (RLIN)
a 7
b cbc
c copycat
d 2
e ncip
f 20
g y-gencatlg
942 ## - ADDED ENTRY ELEMENTS (KOHA)
Source of classification or shelving scheme
Koha item type Book
Holdings
Withdrawn status Lost status Source of classification or shelving scheme Damaged status Not for loan Collection code Permanent Location Current Location Shelving location Date acquired Total Checkouts Total Renewals Full call number Barcode Date last seen Date last checked out Copy number Price effective from Koha item type
            Central Library (CL) Central Library (CL) Book Cart 06/27/2018 3 4 958.1046 LIN CL2977 04/18/2023 06/16/2021 1 06/27/2018 Book
© 2023 Central Library, National University of Sciences and Technology. All Rights Reserved.